វិស្វកម្មកសិកម្ម (Record no. 9025)

000 -LEADER
fixed length control field 00251nam a22001097a 4500
040 ## - CATALOGING SOURCE
Transcribing agency SY
100 ## - MAIN ENTRY--AUTHOR NAME
Personal name ឯក សុភាព
245 ## - TITLE STATEMENT
Title វិស្វកម្មកសិកម្ម
260 ## - PUBLICATION, DISTRIBUTION, ETC. (IMPRINT)
Place of publication RUA
Name of publisher ឯក
Year of publication 2011
300 ## - PHYSICAL DESCRIPTION
Number of Pages 276p.
942 ## - ADDED ENTRY ELEMENTS (KOHA)
Koha item type សៀវភៅភាសាអង់គ្លេស

No items available.

មជ្ឈមណ្ឌលឯការនៃសាកលវិទ្យាល័យភូមិន្ទកសិកម្មចំការដូង

Powered by Koha